WCE 2012 World Congress on Engineering 4-6 July, 2012 Imperial College London, London, U.K, Vol. II

Na minha lista:
Detalhes bibliográficos
Outros Autores: Ao, S.I (Editor), Gelman, Len (Editor), Hukins, David WL (Editor), Hunter, Andrew (Editor), Korsunsky, A.M (Editor)
Formato: Livro
Idioma:inglês
Publicado em: Hong Kong : International Association of Engineers, 2012
Tags: Adicionar Tag
Sem tags, seja o primeiro a adicionar uma tag!

MARC

LEADER 00000nam a22000003a 4500
001 stu250783
005 20150617230225.8
008 120717s2012----ch------------------eng-d
020 |a 978-988-19252-1-3 
040 |a STU  |b slo 
041 0 |a eng 
044 |a ch 
100 1 |a Ao, S.I.  |4 edt 
245 1 |a WCE 2012 World Congress on Engineering 4-6 July, 2012 Imperial College London, London, U.K, Vol. II 
260 |a Hong Kong :  |b International Association of Engineers,  |c 2012 
300 |a 1339 s 
700 1 |a Gelman, Len  |4 edt 
700 1 |a Hukins, David WL  |4 edt 
700 1 |a Hunter, Andrew  |4 edt 
700 1 |a Korsunsky, A.M.  |4 edt 
996 |c I*Z6623  |l I  |s A  |a 24  |w stu250783_0001 
996 |c I*Z6622  |l I  |s A  |a 24  |w stu250783_0002